000 00353nam a2200145Ia 4500
008 230917s9999||||xx |||||||||||||| ||und||
040 _e189384
_aMAIN
041 _aEnglish
082 _a658.3 T218E
100 _aTaylor, Stephen
245 0 _aEmployee retention handbook
260 _aAhmedabad
_bJaico
_c2008
300 _aix p. ; 279
942 _cBK
999 _c153131
_d153131